000
00256nmm a2200085Ia 4500
008
220120s9999||||xx |||||||||||||||||und||
100
_a
Digit
245
0
_a
Digit-Nov : Paint shop prox4, video reviews, the path of tha
260
_a
Nine dot nine interactive ltd.
999
_c
139706
_d
139706